Le XI des finales de LDC depuis 2010 - Statistiques

Statistiques générales
  • Ce quiz a été pris 721 fois
    380 depuis la dernière actualisation
  • Le résultat moyen est 178 sur 482
Statistiques - réponses
Equipe Statut Poste Nationalité Réponse % Correct
FC Barcelone 2015 - Entraineur Espagne Luis Enrique
90%
- Titulaire Défenseur Brésil Fillipe Luis
76%
- Titulaire Défenseur Bresil Fillipe Luis
76%
Paris Saint Germain 2025 - Entraineur Espagne Luis Enrique
73%
- Titulaire Attaquant Corée du sud Son Heung-min
67%
- Titulaire Défenseur Portugal Nuno Mendes
66%
- Titulaire Attaquant France Ousmane Dembele
66%
- Titulaire Défenseur Brésil Marquinhos
65%
- Titulaire Milieu Brésil Marquinhos
65%
- Titulaire Attaquant Argentine Lionel Messi
60%
- Titulaire Milieu Portugal Vitinha
60%
- Titulaire Défenseur Maroc Achraf Hakimi
59%
- Titulaire Attaquant Portugal Cristiano Ronaldo
58%
- Titulaire Attaquant Portugal Cristiano Ronaldo
58%
- Titulaire Attaquant Portugal Cristiano Ronaldo
58%
- Titulaire Attaquant France Désiré Doue
58%
- Titulaire Milieu Espagne Fabian Ruiz
58%
- Titulaire Attaquant Argentine Messi
58%
- Titulaire Attaquant Portugal Crisitano Ronaldo
56%
- Titulaire Milieu Portugal Joao Neves
55%
- Remplaçant Attaquant France Bradley Barcola
51%
- Titulaire Attaquant France Karim Benzema
51%
- Titulaire Attaquant France Karim Benzema
51%
- Titulaire Attaquant France Karim Benzema
51%
- Titulaire Attaquant France Karim Benzema
51%
- Titulaire Attaquant France Karim Benzema
51%
- Titulaire Attaquant France Kylian Mbappé
51%
- Remplaçant Milieu Croatie Luka Modric
51%
- Titulaire Milieu Croatie Luka Modric
51%
- Titulaire Milieu Croatie Luka Modric
51%
- Titulaire Milieu Croatie Luka Modric
51%
- Titulaire Milieu Croatie Luka Modric
51%
- Titulaire Milieu Croatie Luka Modric
51%
- Titulaire Attaquant Brésil Neymar
51%
- Titulaire Attaquant Brésil Neymar
51%
- Titulaire Défenseur Espagne Sergio Ramos
51%
- Titulaire Défenseur Espagne Sergio Ramos
51%
- Titulaire Défenseur Espagne Sergio Ramos
51%
- Titulaire Défenseur Espagne Sergio Ramos
51%
- Remplaçant Défenseur France Lucas Hernandez
50%
- Remplaçant Défenseur France Lucas Hernandez
50%
- Titulaire Gardien Belgique Thibault Courtois
50%
- Titulaire Gardien Belgique Thibault Courtois
50%
- Titulaire Gardien Belgique Thibault Courtois
50%
- Titulaire Milieu Allemagne Toni Kroos
50%
- Titulaire Milieu Allemagne Toni Kroos
50%
- Titulaire Milieu Allemagne Toni Kroos
50%
- Titulaire Milieu Allemagne Toni Kroos
50%
- Titulaire Milieu Allemagne Toni Kroos
50%
- Titulaire Milieu Allemagne Toni Kroos
50%
Real Madrid 2024 - Entraineur Italie Carlo Ancelotti
49%
Real Madrid 2022 - Entraineur Italie Carlo Ancelotti
49%
Real Madrid 2014 - Entraineur Italie Carlo Ancelotti
49%
- Remplaçant Attaquant Portugal Gonçalo Ramos
49%
- Titulaire Attaquant Argentine Lautaro Martinez
49%
- Titulaire Attaquant Brésil Vinicius
49%
- Titulaire Attaquant Brésil Vinicius
49%
- Titulaire Défenseur Equateur Willian Pacho
49%
- Titulaire Défenseur Espagne Dani Carvajal
48%
- Titulaire Défenseur Espagne Dani Carvajal
48%
- Titulaire Défenseur Espagne Dani Carvajal
48%
- Titulaire Défenseur Espagne Dani Carvajal
48%
- Titulaire Défenseur Espagne Dani Carvajal
48%
- Titulaire Défenseur Espagne Dani Carvajal
48%
- Titulaire Milieu Espagne Andres Iniesta
47%
- Titulaire Milieu Espagne Andres Iniesta
47%
- Titulaire Défenseur Allemagne Antonio Rudiger
47%
- Titulaire Défenseur Allemagne Antonio Rudiger
47%
- Titulaire Gardien Sénégal Edouard Mendy
47%
- Titulaire Défenseur France Ferland Mendy
47%
- Titulaire Défenseur France Ferland Mendy
47%
- Titulaire Milieu Uruguay Frederico Valverde
47%
- Titulaire Attaquant Uruguay Frederico Valverde
47%
- Remplaçant Attaquant Pays de Galles Gareth Bale
47%
- Remplaçant Attaquant Pays de Galles Gareth Bale
47%
- Titulaire Attaquant Pays de Galles Gareth Bale
47%
- Titulaire Attaquant Pays de Galles Gareth Bale
47%
Titulaire Gardien Italie Gianluigi Donnaruma
47%
- Titulaire Attaquant Uruguay Luis Suarez
47%
- Titulaire Attaquant Egypte Mohamed Salah
47%
- Titulaire Attaquant Egypte Mohamed Salah
47%
- Titulaire Attaquant Egypte Mohamed Salah
47%
- Titulaire Défenseur Brésil Thiago Silva
47%
- Titulaire Défenseur Brésil Thiago Silva
47%
- Titulaire Attaquant Portugal Bernardo Silva
46%
- Titulaire Milieu Portugal Bernardo Silva
46%
- Titulaire Milieu Brésil Casemiro
46%
- Titulaire Milieu Brésil Casemiro
46%
- Titulaire Milieu Brésil Casemiro
46%
- Titulaire Milieu Brésil Casemiro
46%
- Titulaire Milieu France Eduardo Camavinga
46%
- Rempaçant Milieu France Eduardo Camavinga
46%
- Titulaire Milieu Belgique Kevin De Bruyne
46%
- Titulaire Milieu Belgique Kevin De Bruyne
46%
- Titulaire Gardien Costa Rica Keylor Navas
46%
- Titulaire Gardien Costa Rica Keylor Navas
46%
- Titulaire Gardien Costa Rica Keylor Navas
46%
- Titulaire Gardien Costa Rica Keylor Navas
46%
- Titulaire Gardien Allemagne Manuel Neuer
46%
- Titulaire Gardien Allemagne Manuel Neuer
46%
- Titulaire Gardien Allemagne Manuel Neuer
46%
- Titulaire Défenseur Brésil Marcelo
46%
- Titulaire Défenseur Brésil Marcelo
46%
- Titulaire Défenseur Brésil Marcelo
46%
- Remplaçant Défenseur Brésil Marcelo
46%
Manchester City 2023 - Entraineur Espagne Pep Guardiola
46%
Manchester City 2021 - Entraineur Espagne Pep Guardiola
46%
FC Barcelone 2011 - Entraineur Espagne Pep Guardiola
46%
- Titulaire Défenseur France Presnel Kimpembe
46%
- Titulaire Défenseur France Raphael Varane
46%
- Titulaire Défenseur France Raphael Varane
46%
- Titulaire Défenseur France Raphael Varane
46%
- Titulaire Attaquant Brésil Rodrygo
46%
- Rempaçant Attaquant Brésil Rodrygo
46%
- Remplaçant Milieu Espagne Xavi
46%
- Titulaire Milieu Espagne Xavi
46%
Titulaire Gardien Suisse Yann Sommer
46%
Real Madrid 2018 - Entraineur France Zinedine Zidane
46%
Real Madrid 2017 - Entraineur France Zinedine Zidane
46%
Real Madrid 2016 - Entraineur France Zinédine Zidane
46%
- Titulaire Attaquant France Antoine Griezmann
45%
- Titulaire Défenseur Autriche David Alaba
45%
- Titulaire Défenseur Autriche David Alaba
45%
- Titulaire Défenseur Autriche David Alaba
45%
- Titulaire Attaquant Angleterre Dele Alli
45%
- Titulaire Attaquant Norvège Erling Haaland
45%
- Titulaire Gardien Italie Gianluigi Buffon
45%
- Titulaire Gardien Italie Gianluigi Buffon
45%
- Titulaire Attaquant France Marcus Thuram
45%
- Titulaire Attaquant Sénégal Sadio Mané
45%
- Titulaire Attaquant Sénégal Sadio Mané
45%
- Titulaire Attaquant Sénégal Sadio Mane
45%
- Titulaire Gardien Brésil Alisson
44%
- Titulaire Gardien Brésil Alisson
44%
- Titulaire Gardien Brésil Ederson
44%
- Titulaire Gardien Brésil Ederson
44%
- Titulaire Milieu Angleterre Jude Bellingham
44%
- Titulaire Milieu Italie Nicolo Barella
44%
- Titulaire Défenseur Portugal Pepe
44%
- Titulaire Attaquant Pologne Robert Lewandowski
44%
- Titulaire Attaquant Pologne Robert Lewandowski
44%
- Rempaçant Attaquant Brésil Roberto Firmino
44%
- Titulaire Attaquant Brésil Roberto Firmino
44%
- Titulaire Attaquant Brésil Roberto Firmino
44%
- Titulaire Milieu Espagne Rodri
44%
- Titulaire Défenseur Ecosse Andrew Robertson
43%
- Titulaire Défenseur Ecosse Andrew Robertson
43%
- Titulaire Défenseur Ecosse Andrew Robertson
43%
- Remplaçant Défenseur Brésil Eder Militao
43%
- Titulaire Défenseur Brésil Eder Militao
43%
- Titulaire Attaquant Angleterre Harry Kane
43%
- Titulaire Gardien France Hugo Lloris
43%
- Titulaire Milieu Croatie Ivan Rakitic
43%
Liverpool 2022 - Entraineur Allemagne Jurgen Klopp
43%
Liverpool 2019 - Entraineur Allemagne Jurgen Klopp
43%
Liverpool 2019 - Entraineur Allemagne Jurgen Klopp
43%
Borussia Dortmund 2013 - Entraineur Allemagne Jurgen Klopp
43%
- Titulaire Attaquant France Kingsley Coman
43%
- Remplaçant Attaquant France Kingsley Coman
43%
- Titulaire Milieu France Ngolo Kante
43%
- Titulaire Attaquant Algérie Riyad Mahrez
43%
- Titulaire Défenseur Portugal Ruben Dias
43%
- Titulaire Défenseur Portugal Ruben Dias
43%
- Remplaçant Milieu France Senny Mayulu
43%
- Titulaire Défenseur Pays-bas Virgil Van Dijk
43%
- Titulaire Défenseur Pays-bas Virgil Van Dijk
43%
- Titulaire Défenseur Pays-bas Virgil Van Dijk
43%
- Remplaçant Milieu France Warren Zaire-Emery
43%
- Titulaire Défenseur Canada Alphonso Davies
42%
- Titulaire Gardien Cameroun Andre Onana
42%
- Titulaire Attaquant Argentine Angel Di Maria
42%
- Titulaire Milieu Argentine Angel Di Maria
42%
- Titulaire Défenseur France Benjamin Pavard
42%
- Titulaire Défenseur Brésil Dani Alves
42%
- Titulaire Défenseur Pays-bas Denzel Dumfries
42%
- Titulaire Défenseur Espagne Gerard Piqué
42%
- Titulaire Défenseur Espagne Gerard Pique
42%
- Titulaire Défenseur France Ibrahima Konate
42%
- Titulaire Gardien Espagne Iker Casillas
42%
- Titulaire Milieu Allemagne Ilkay Gundogan
42%
- Titulaire Milieu Allemagne Ilkay Gundogan
42%
- Titulaire Milieu Allemagne İlkay Gündoğan
42%
- Titulaire Milieu Espagne Isco
42%
- Titulaire Attaquant Espagne Isco
42%
- Remplaçant Attaquant Espagne Isco
42%
- Remplaçant Milieu Espagne Isco
42%
- Titulaire Attaquant Mexique Javier Hernandez
42%
- Titulaire Milieu Espagne Javi Martinez
42%
- Titulaire Attaquant Argentine Lautaro Martinez
42%
- Titulaire Attaquant Colombie Luis Diaz
42%
- Rempaçant Milieu Italie Marco Verratti
42%
Inter milan 2023 - Entraineur Italie Simone Inzaghi
42%
Chelsea 2021 - Entraineur Allemagne Thomas Tuchel
42%
Paris Saint Germain 2020 - Entraineur Allemagne Thomas Tuchel
42%
- Titulaire Défenseur Angleterre Trent Alexander Arnold
42%
- Titulaire Défenseur Angleterre Trent Alexander Arnold
42%
- Titulaire Défenseur Angleterre Trent Alexander Arnold
42%
- Titulaire Défenseur Italie Alessandro Bastoni
41%
Atletico Madrid 2016 - Entraineur Argentine Diego Simeone
41%
Atletico Madrid 2014 - Entraineur Argentine Diego Simeone
41%
- Titulaire Gardien Slovénie Jan Oblak
41%
- Titulaire Milieu Angleterre John Stones
41%
- Titulaire Défenseur Angleterre John Stones
41%
- Titulaire Défenseur Espagne Jordi Alba
41%
- Remplaçant Défenseur Angleterre Kyle Walker
41%
- Titulaire Défenseur Angleterre Kyle Walker
41%
- Titulaire Gardien Allemagne Marc-André Ter Stegen
41%
- Titulaire Attaquant Croatie Mario Mandzukic
41%
- Titulaire Attaquant Croatie Mario Mandzukic
41%
- Remplaçant Attaquant Angleterre Phil Foden
41%
- Titulaire Milieu Angleterre Phil Foden
41%
- Titulaire Milieu Espagne Sergio Busquets
41%
- Titulaire Milieu Espagne Sergio Busquets
41%
- Titulaire Milieu Espagne Thiago Alcantara
41%
- Titulaire Milieu Espagne Thiago Alcantara
41%
- Titulaire Milieu Allemagne Thomas Muller
41%
- Titulaire Milieu Allemagne Thomas Muller
41%
- Titulaire Milieu Allemagne Thomas Muller
41%
- Titulaire Attaquant Allemagne Thomas Muller
41%
- Titulaire Attaquant Pays-bas Arjen Robben
40%
- Titulaire Attaquant Pays-bas Arjen Robben
40%
- Titulaire Attaquant Pays-bas Arjen Robben
40%
- Titulaire Défenseur Brésil Daniel Alves
40%
- Titulaire Défenseur Brésil Daniel Alves
40%
- Titulaire Défenseur Italie Francesco Acerbi
40%
- Titulaire Attaquant France Franck Ribery
40%
- Titulaire Attaquant France Franck Ribery
40%
- Titulaire Milieu Italie Jorginho
40%
- Titulaire Défenseur Allemagne Joshua Kimmich
40%
- Titulaire Milieu Allemagne Kai Havertz
40%
- Titulaire Attaquant Géorgie Khvicha Kvaratskhelia
40%
- Titulaire Milieu France Paul Pogba
40%
- Titulaire Attaquant Cote d'ivoire Didier Drogba
39%
- Titulaire Attaquant Bosnie-Herzégovine Edin Dzeko
39%
- Remplaçant Attaquant Cameroun Eric-Maxime Choupo Moting
39%
- Titulaire Défenseur Italie Giorgio Chiellini
39%
- Titulaire Défenseur Italie Giorgio Chiellini
39%
- Titulaire Défenseur Argentine Javier Mascherano
39%
- Titulaire Défenseur Argentine Javier Mascherano
39%
- Titulaire Défenseur Allemagne Jerôme Boateng
39%
- Titulaire Défenseur Allemagne Jerome Boateng
39%
- Titulaire Défenseur Allemagne Jerome Boateng
39%
- Titulaire Milieu Angleterre Jordan Henderson
39%
- Titulaire Milieu Angleterre Jordan Henderson
39%
- Titulaire Milieu Angleterre Jordan Henderson
39%
- Titulaire Défenseur Italie Leonardo Bonucci
39%
- Titulaire Défenseur Italie Leonardo Bonucci
39%
- Titulaire Défenseur Suisse Manuel Akanji
39%
- Rempaçant Milieu Croatie Matteo Kovacic
39%
- Titulaire Défenseur Allemagne Phillip Lahm
39%
- Titulaire Défenseur Allemagne Phillip Lahm
39%
- Titulaire Défenseur Allemagne Phillip Lahm
39%
- Remplaçant Attaquant Espagne Alvaro Morata
38%
- Titulaire Attaquant Espagne Alvaro Morata
38%
- Remplaçant Attaquant Espagne Alvaro Morata
38%
- Titulaire Milieu Chili Arturo Vidal
38%
- Rempaçant Attaquant Etats-Unis Christian Pulisic
38%
- Titulaire Défenseur Pays-bas Denzel Dumfries
38%
- Titulaire Milieu Brésil Fabinho
38%
- Titulaire Milieu Brésil Fabinho
38%
- Titulaire Milieu Pays-bas Georginio Wijnaldum
38%
- Titulaire Milieu Pays-bas Georginio Wijnaldum
38%
- Titulaire Milieu Turquie Hakan Calhanoglu
38%
- Titulaire Attaquant Angleterre Jack Grealish
38%
- Titulaire Défenseur Belgique Jan Vertonghen
38%
- Rempaçant Milieu Allemagne Julian Draxler
38%
- Titulaire Milieu Allemagne Leon Goretzka
38%
- Titulaire Défenseur Allemagne Mats Hummels
38%
- Titulaire Défenseur Allemagne Mats Hummels
38%
- Titulaire Défenseur Espagne Nacho
38%
- Remplaçant Défenseur Espagne Nacho
38%
- Titulaire Défenseur Pays-bas Nathan Ake
38%
- Titulaire Défenseur Ukraine Oleksandr Zinchenko
38%
- Rempaçant Attaquant Argentine Sergio Aguero
38%
- Titulaire Défenseur Allemagne Thilo Kehrer
38%
- Titulaire Attaquant Allemagne Timo Werner
38%
- Titulaire Milieu Danemark Christian Eriksen
37%
- Remplaçant Défenseur France Jérémy Matthieu
37%
- Titulaire Défenseur Espagne Juan Bernat
37%
- Titulaire Milieu Argentine Leandro Paredes
37%
- Titulaire Milieu Bosnie-Herzégovine Miralem Pjanic
37%
- Titulaire Milieu Italie Nicolo Barella
37%
- Remplaçant Attaquant Espagne Pedro
37%
- Titulaire Attaquant Espagne Pedro
37%
- Rempaçant Milieu France Corentin Tolisso
36%
- Titulaire Défenseur Uruguay Diego Godin
36%
- Titulaire Défenseur Uruguay Diego Godin
36%
- Rempaçant Attaquant Portugal Diogo Jota
36%
- Titulaire Milieu Turquie Hakan Calhanoglu
36%
Bayern Munich 2020 - Entraineur Allemagne Hansi Flick
36%
- Remplaçant Attaquant Arménie Henrikh Mkhitaryan
36%
- Titulaire Défenseur Cameroun Joel Matip
36%
- Titulaire Milieu Espagne Koke
36%
- Titulaire Milieu Espagne Koke
36%
- Remplaçant Attaquant Espagne Marco Asensio
36%
- Remplaçant Attaquant Espagne Marco Asensio
36%
Tottenham 2019 - Entraineur Argentine Mauricio Pochettino
36%
- Rempaçant Milieu Guinée Naby Keita
36%
- Titulaire Défenseur France Patrice Evra
36%
- Titulaire Défenseur France Patrice Evra
36%
- Titulaire Milieu Argentine Paulo Dybala
36%
- Titulaire Gardien République Tchèque Petr Cech
36%
- Titulaire Défenseur Angleterre Reece James
36%
- Remplaçant Attaquant Belgique Romelu Lukaku
36%
- Titulaire Milieu Allemagne Sami Khedira
36%
- Titulaire Milieu Allemagne Sami Khedira
36%
- Remplaçant Milieu Guinée Seydou Keita
36%
- Titulaire Gardien Espagne Victor Valdes
36%
- Titulaire Défenseur Italie Alessandro Bastoni
35%
- Titulaire Défenseur Espagne César Azpilicueta
35%
- Titulaire Attaquant Espagne David Villa
35%
- Titulaire Attaquant Espagne David Villa
35%
- Titulaire Milieu Allemagne Emre Can
35%
- Remplaçant Milieu Allemagne Emre Can
35%
- Rempaçant Attaquant Brésil Gabriel Jesus
35%
- Remplaçant Milieu Allemagne Marco Reus
35%
- Titulaire Milieu Allemagne Marco Reus
35%
- Titulaire Attaquant Cameroun Samuel Etoo
35%
- Titulaire Attaquant Allemagne Serge Gnabry
35%
Inter milan 2025 - Entraineur Italie Simone Inzaghi
35%
Manchester United 2011 - Entraineur Ecosse Alex Ferguson
34%
- Rempaçant Défenseur Danemark Andreas Christensen
34%
- Remplaçant Attaquant Belgique Divock Origi
34%
- Titulaire Gardien Pays-bas Edwin Van der Sar
34%
- Titulaire Attaquant Espagne Fernando Torres
34%
- Remplaçant Attaquant Espagne Fernando Torres
34%
- Titulaire Attaquant Argentine Gonzalo Higuain
34%
- Titulaire Milieu Armenie Henrikh Mkhitaryan
34%
- Titulaire Attaquant Angleterre Raheem Sterling
34%
- Titulaire Attaquant Angleterre Wayne Rooney
34%
- Titulaire Défenseur France Eric Abidal
33%
- Rempaçant Milieu Brésil Fernandinho
33%
- Titulaire Défenseur Italie Francesco Acerbi
33%
- Titulaire Défenseur Italie Frederico Dimarco
33%
- Titulaire Gardien Suisse Gregor Kobel
33%
- Remplaçant Attaquant Croatie Ivan Perisic
33%
- Remplaçant Milieu Angleterre James Milner
33%
- Titulaire Milieu Angleterre James Milner
33%
- Titulaire Gardien Allemagne Loris Karius
33%
- Titulaire Défenseur Belgique Toby Alderweireld
33%
- Remplaçant Défenseur Belgique Toby Alderweireld
33%
- Titulaire Défenseur Brésil David Luiz
32%
- Titulaire Défenseur Portugal Fabio Coentrao
32%
- Titulaire Défenseur Italie Federico Dimarco
32%
- Titulaire Attaquant Angleterre Jadon Sancho
32%
- Remplaçant Défenseur Angleterre Joe Gomez
32%
- Remplaçant Attaquant Espagne Joselu
32%
Inter Milan 2010 - Entraineur Portugal José Mourinho
32%
- Remplaçant Attaquant Allemagne Mario Gomez
32%
- Titulaire Attaquant Allemagne Mario Gomez
32%
- Remplaçant Attaquant Allemagne Mario Gomez
32%
- Titulaire Milieu France Moussa Sissoko
32%
- Titulaire Défenseur Angleterre Rio Ferdinand
32%
- Titulaire Milieu Pays de Galles Ryan Giggs
32%
- Titulaire Défenseur Monténegro Stefan Savic
32%
- Remplaçant Attaquant Belgique Yannick Carrasco
32%
- Titulaire Défenseur Italie Andrea Barzagli
31%
- Titulaire Milieu Italie Andrea Pirlo
31%
- Rempaçant Milieu Espagne Dani Ceballos
31%
- Titulaire Défenseur Croatie Dejan Lovren
31%
- Remplaçant Défenseur Espagne Lucas Vazquez
31%
- Remplaçant Défenseur Espagne Lucas Vazquez
31%
- Titulaire Milieu Autriche Marcel Sabitzer
31%
- Titulaire Défenseur Serbie Nemanja Vidic
31%
- Titulaire Défenseur Brésil Alex Sandro
30%
- Remplaçant Défenseur Espagne Carles Puyol
30%
- Titulaire Défenseur Brésil Dante
30%
- Titulaire Attaquant Espagne Diego Costa
30%
- Titulaire Milieu Angleterre Franck Lampard
30%
- Remplaçant Attaquant Colombie Juan Cuadrado
30%
- Remplaçant Attaquant Brésil Lucas Moura
30%
- Titulaire Milieu Angleterre Mason Mount
30%
Juventus 2017 - Entraineur Italie Massimiliano Allegri
30%
Juventus 2015 - Entraineur Italie Massimiliano Allegri
30%
- Titulaire Défenseur Allemagne Nico Schlotterbeck
30%
- Rempaçant Défenseur Allemagne Niklas Sule
30%
- Titulaire Milieu Corée du sud Park Ji-Sung
30%
- Titulaire Attaquant Allemagne Karim Adeyemi
29%
- Titulaire Milieu Pays-bas Wesley Sneijder
29%
- Titulaire Attaquant Argentine Carlos Tevez
28%
- Remplaçant Milieu Italie Claudio Marchisio
28%
- Titulaire Milieu Italie Claudio Marchisio
28%
- Titulaire Attaquant Argentine Diego Milito
28%
- Titulaire Milieu Croatie Marcelo Brozovic
28%
- Titulaire Milieu Espagne Ander Herrera
27%
- Titulaire Milieu Allemagne Bastian Schweinsteiger
27%
- Titulaire Milieu Allemagne Bastian Schweinsteiger
27%
- Titulaire Milieu Allemagne Bastian Schweinsteiger
27%
- Remplaçant Défenseur Brésil Danilo
27%
- Titulaire Défenseur Espagne Juanfran
27%
- Titulaire Défenseur Espagne Juanfran
27%
- Titulaire Gardien Brésil Julio Cesar
27%
- Remplaçant Milieu Angleterre Paul Scholes
27%
- Titulaire Milieu Espagne Saul
27%
- Titulaire Milieu Equateur Antonio Valencia
26%
- Titulaire Défenseur Angleterre Ben Chilwell
26%
- Titulaire Milieu Nigeria John Obi Mikel
26%
- Remplaçant Attaquant Cote d'ivoire Sebastien Haller
26%
- Remplaçant Milieu Ghana Thomas Partey
26%
- Titulaire Défenseur Angleterre Ashley Cole
25%
- Remplaçant Attaquant Espagne Fernando Llorente
25%
- Remplaçant Attaquant Espagne Fernando Llorente
25%
- Titulaire Milieu Allemagne Julian Brandt
25%
- Titulaire Défenseur Brésil Lucio
25%
- Titulaire Défenseur Brésil Maicon
25%
- Rempaçant Attaquant Brésil Phillipe Coutinho
25%
- Remplaçant Attaquant Pays-bas Donyell Malen
24%
- Titulaire Milieu Espagne Gabi
24%
- Titulaire Milieu Espagne Gabi
24%
- Remplaçant Milieu Portugal Nani
24%
- Titulaire Défenseur Angleterre Gary Cahill
23%
- Remplaçant Milieu Gabon Mario Lemina
23%
- Titulaire Attaquant Allemagne Niclas Fullkrug
23%
- Titulaire Défenseur Suisse Stephan Lichtsteiner
23%
- Titulaire Attaquant Macedoine du Nord Goran Pandev
22%
- Titulaire Milieu Argentine Javier Zanetti
22%
- Titulaire Défenseur Norvège Julian Ryerson
22%
- Titulaire Défenseur Angleterre Danny Rose
21%
- Titulaire Défenseur Pays-bas Ian Maatsen
21%
- Titulaire Milieu Angleterre Michael Carrick
21%
- Remplaçant Milieu France Florent Malouda
20%
- Titulaire Attaquant Cote d'ivoire Salomon Kalou
20%
- Titulaire Milieu Argentine Esteban Cambiasso
19%
- Rempaçant Défenseur France Layvin Kurzawa
19%
- Titulaire Milieu Portugal Tiago
19%
- Remplaçant Défenseur Allemagne Yann Bisseck
19%
- Titulaire Défenseur Roumanie Cristian Chivu
18%
- Remplaçant Attaquant Angleterre Jamie Bynoe Gittens
18%
- Titulaire Milieu Espagne Juan Mata
18%
- Titulaire Défenseur Angleterre Kieran Trippier
18%
Chelsea 2012 - Entraineur Italie Roberto Di Matteo
18%
- Remplaçant Défenseur Belgique Daniel Van Buyten
17%
- Titulaire Défenseur Belgique Daniel Van Buyten
17%
- Titulaire Défenseur Portugal José Bosingwa
17%
- Titulaire Défenseur Pologne Łukasz Piszczek
17%
- Titulaire Défenseur Bresil Miranda
17%
- Titulaire Défenseur Serbie Neven Subotić
17%
- Remplaçant Attaquant Croatie Ivica Olic
16%
- Titulaire Attaquant Croatie Ivica Olic
16%
Bayern Munich 2013 - Entraineur Allemagne Jupp Heynckes
16%
Bayern Munich 2012 - Entraineur Allemagne Jupp Heynckes
16%
Bayern Munich 2010 - Entraineur Pays-bas Louis Van Gaal
16%
- Titulaire Défenseur Italie Matteo Darmian
16%
- Remplaçant Défenseur Angleterre Eric Dier
15%
- Remplaçant Milieu Turquie Nuri Şahin
15%
- Titulaire Milieu Espagne Raul Garcia
15%
- Titulaire Gardien Allemagne Roman Weidenfeller
15%
- Titulaire Défenseur Argentine Walter Samuel
15%
- Remplaçant Défenseur Italie Matteo Darmian
14%
Borussia Dortmund 2024 - Entraineur Allemagne Edin Terzic
13%
- Titulaire Défenseur Brésil Fabio
13%
- Titulaire Milieu Angleterre Harry Winks
13%
- Titulaire Milieu Pays-bas Mark Van Bommel
13%
- Titulaire Défenseur Argentine Martin Demichelis
13%
- Remplaçant Défenseur Brésil Carlos Augusto
12%
- Remplaçant Milieu Pays-bas Ibrahim Afellay
12%
- Titulaire Attaquant Pologne Jakub Błaszczykowski
12%
- Remplaçant Milieu Brésil Luiz Gustavo
12%
- Titulaire Défenseur Allemagne Marcel Schmelzer
12%
- Remplaçant Attaquant Allemagne Miroslav Klose
12%
- Titulaire Attaquant Angleterre Ryan Bertrand
12%
- Remplaçant Milieu Angleterre Adam Lallana
11%
- Remplaçant Attaquant Serbie Dejan Stankovic
11%
- Titulaire Attaquant Turquie Hamit Altıntop
11%
- Remplaçant Milieu Allemagne Robin Gosens
11%
- Remplaçant Défenseur Italie Marco Materazzi
10%
- Remplaçant Milieu Pologne Nicola Zalewski
9%
- Remplaçant Attaquant Ghana Sulley Muntari
9%
- Titulaire Défenseur Allemagne Holger Badstuber
8%
- Remplaçant Milieu Albanie Kristjan Asllani
8%
- Titulaire Milieu Argentine Fernandez
7%
- Remplaçant Milieu Argentine Roberto Pereyra
7%
- Titulaire Milieu Allemagne Sven Bender
7%
- Titulaire Attaquant Allemagne Kevin Grosskreutz
6%
- Titulaire Gardien Allemagne Hans-Jörg Butt
5%
- Remplaçant Attaquant Espagne Adrián López
4%
- Remplaçant Défenseur Italie Danilo D'Ambrosio
3%
- Titulaire Défenseur Allemagne Diego Contento
3%
- Titulaire Défenseur Ukraine Anatoly Timochtchouk
1%
- Remplaçant Milieu Argentine José Ernesto Sosa
1%
- Remplaçant Attaquant Allemagne Julian Schieber
1%
- Remplaçant Défenseur Italie Raoul Bellanova
1%
Aucun quiz correspondant
Distribution des résultats
% des personnes avec chaque résultat
Percentile par nombre de réponses
Votre historique - résultats
Vous n’avez pas pris ce quiz depuis la dernière actualisation